Handel w gospodarce narodowej Uwarunkowania i perspektywy

Saved in:
Bibliographic Details
Main Author: Szulce, Halina
Format: Book
Language:Polish
Published: Warszawa Wyd. Ekon. 1989
Edition:1. wyd.
Tags: Add Tag
No Tags, Be the first to tag this record!

MARC

LEADER 00000nam a2200000 4500
001 c028476
005 20221215130125.3
041 0 |a pol 
044 |a PL 
245 1 0 |a Handel w gospodarce narodowej  |b Uwarunkowania i perspektywy  |c Halina Szulce 
250 |a 1. wyd. 
264 1 |a Warszawa  |b Wyd. Ekon.  |c 1989 
300 |a 223 s. 
100 1 |a Szulce, Halina